Religion Quiz

Random Religion Quiz

God's word on profitability (NIV) Quiz Stats

 Plays Quiz not verified by Sporcle

Challenge
Share
Tweet
Embed
Score 0/25 Timer 01:00
0 Plays Today
Hint Answer % Correct
the
100%
the
100%
and
100%
is
50%
Proverbs 3:14for
50%
is
50%
Proverbs 3:13Blessed
25%
man
25%
who
25%
finds
25%
wisdom
25%
man
25%
who
25%
Hint Answer % Correct
gains
25%
understanding
25%
she
25%
more
25%
profitable
25%
than
25%
silver
25%
yields
25%
better
25%
returns
25%
than
25%
gold
25%

You're not logged in!

Compare scores with friends on all Sporcle quizzes.
Join for Free
OR
Log In

You Might Also Like...

Show Comments

Extras

Created Feb 12, 2017ReportFavoriteNominate
Tags:god, niv

Top Quizzes Today


Score Distribution

Your Account Isn't Verified!

In order to create a playlist on Sporcle, you need to verify the email address you used during registration. Go to your Sporcle Settings to finish the process.

Report this User

Report this user for behavior that violates our Community Guidelines.

Details: